00493nam a2200145Ia 4500008004100000041000800041082001200049100001600061245004500077260004500122300003300167365001100200999001700211952011900228240624s9999 xx 000 0 und d aeng a954 ROY aROY KAUSHIK aPARTITION OF INDIA WHY 1947 DEBATES IN I c2012aNew DelhibOxford University Press axliii, : 276 : p. : cm. ; 22 cRSb32 c18963d18963 00104070aIMTNbIMTNcRack 41-Bd2012-05-03eIBHg695.00o954 ROYp18963r2024-06-24 00:00:00t1w2024-06-24yBK